000
00297nam a22001337a 4500
008
181217b xxu||||| |||| 00| 0 eng d
020
_a
2740323774551
041
_a
eng
080
_a
339.138
100
_a
61
101
_a
MAR
245
_a
Marketing Research
_c
Malhotra.N.K
942
_2
udc
_c
BK
999
_c
53249
_d
53249